Cultura generale #2 - Statistics

Statistiche generali
  • Questo quiz è stato fatto 74 volte
  • Il punteggio medio è 7 su 15
Statistiche sulle risposte
Hint Risposta % Corretto
In quale anno fu presa la Bastiglia? 1789
78%
Quale poeta italiano compose i “Sepolcri”? Ugo Foscolo
74%
In quale stato si trova il lago Titicaca? Bolivia / Perù
62%
Quale architetto progettò la cupola di Santa Maria del Fiore a Firenze? Filippo Brunelleschi
62%
Quale compositore italiano è autore delle colonne sonore di C’era una volta in America e Nuovo Cinema Paradiso? Ennio Morricone
58%
Qual è l’unico paese del Sud America dove si parla olandese? Suriname
54%
Quale particella subatomica è priva di carica elettrica ma dotata di massa? Neutrone
51%
Qual è il nome della figura retorica che consiste nell’elencare parole in ordine di intensità crescente? Climax
48%
Chi fu il primo presidente del Consiglio dell’Italia repubblicana Alcide De Gasperi
46%
Quale popolo germanico fu il primo a saccheggiare Roma nel 410 d.C.? Visigoti
37%
In quale serie TV appare il fast food “Los Pollos Hermanos”? Breaking Bad
32%
Quale segretario del PCI coniò l’espressione “compromesso storico”? Enrico Berlinguer
32%
n quale città ha sede la Corte internazionale di giustizia delle Nazioni Unite? L'Aia
25%
Qual è la capitale del Togo Lomé
23%
Qual è il nome della corrente filosofica secondo cui “l’essere precede l’essenza”? Esistenzialismo
11%
Nessun quiz corrispondente trovato
Distribuzione punteggi
Percentuale di utenti per punteggio
Percentile per numero di risposta
I tuoi punteggi nel tempo
Non hai fatto questo quiz